LEADER 01041nam0-22003851i-450- 001 990008035400403321 005 20050402121920.0 010 $a0-8176-3777-X 035 $a000803540 035 $aFED01000803540 035 $a(Aleph)000803540FED01 035 $a000803540 100 $a20050402d2005----km-y0itay50------ba 101 0 $aeng 102 $aUS 105 $aa---a---101yy 200 1 $aLie theory$eHarmonic analysis on symmetric spaces-general Plancherel theorems$fJ.P.Anker,B.Orsted,editors 210 $aBoston$cBirkhauser$dc2005 215 $aviii,175 p.$d24 cm 225 1 $aProgress in mathematics$v230 610 0 $aGruppi di Lie 610 0 $aSpazi simmetrici 676 $a512.48$v22$zita 702 1$aAnker,$bJean-Philippe 702 1$aOrsted,$bBent 801 0$aIT$bUNINA$gRICA$2UNIMARC 901 $aBK 912 $a990008035400403321 952 $aC-3-(230$b20992$fMA1 959 $aMA1 962 $a46A11 962 $a22E30 962 $a22E10 996 $aLie theory$9472679 997 $aUNINA LEADER 00974nam--2200349---450- 001 990001717790203316 005 20050801143748.0 035 $a000171779 035 $aUSA01000171779 035 $a(ALEPH)000171779USA01 035 $a000171779 100 $a20040601d1955----km-y0itay0103----ba 101 0 $afre 102 $aFR 105 $a||||||||001yy 200 1 $aGraziella Raphael$fAlphonse de Lamartine$gint. par Jean Des Cognets 210 $aParis$cGarnier$d1955 215 $aXXII, 324 p.$d19 cm 410 0$12001 454 1$12001 461 1$1001-------$12001 700 1$aLAMARTINE,$bAlphonse : de$0176062 702 0$aCOGNETS,$bJean : des 801 0$aIT$bsalbc$gISBD 912 $a990001717790203316 951 $aVI.4.A. 321(II F A 92)$b1633 L.M.$cII F 959 $aBK 969 $aUMA 979 $aSIAV2$b10$c20040601$lUSA01$h1130 979 $aCOPAT5$b90$c20050801$lUSA01$h1437 996 $aGraziella; Raphael$9223571 997 $aUNISA LEADER 01328nam0 22003133i 450 001 VAN00061875 005 20240806100527.14 010 $a88-06-14202-X 100 $a20071029d1997 |0itac50 ba 101 $aita 102 $aIT 105 $a|||| ||||| 200 1 $aˆGli ‰affreschi di Pontormo a San Lorenzo$eeresia, politica e cultura nella Firenze di Cosimo 1. / Massimo Firpo 210 $aTorino$cG. Einaudi$d[1997] 215 $aXXIII, 446 p., [32] c. di tav.$cill.$d22 cm. 410 1$1001VAN00010257$12001 $aBiblioteca di cultura storica$1210 $aTorino$cEinaudi$v218 606 $aFirenze$x1550-1570$3VANC022636$2FI 606 $aPontormo$xAffreschi$xFirenze$xSan Lorenzo$3VANC022634$2FI 606 $aRiforma$xFirenze$x1550-1570$3VANC022635$2FI 620 $dTorino$3VANL000001 676 $a945.511$v21 700 1$aFirpo$bMassimo$3VANV007742$0134244 712 $aEinaudi $3VANV107903$4650 801 $aIT$bSOL$c20240906$gRICA 899 $aBIBLIOTECA DEL DIPARTIMENTO DI LETTERE E BENI CULTURALI$1IT-CE0103$2VAN07 912 $aVAN00061875 950 $aBIBLIOTECA DEL DIPARTIMENTO DI LETTERE E BENI CULTURALI$d07CONS Pa Pontormo 715 $e07 11536 20071029 996 $aAffreschi di Pontormo a San Lorenzo$9176120 997 $aUNICAMPANIA